000 00797nam a22002417a 4500
005 20251108170904.0
008 250721s1997 xx 000 0 ara d
020 _a284409502x
082 1 4 _aط/525/وال
100 1 _aوالبول، براندا
245 1 0 _aلماذا تشرق الشمس وغيرها من الأسئلة حول الزمن والفصول /
246 1 1 _aI Wonder Why? The Sun Rises
264 1 _aبيروت :
_bالدار العربية للعلوم،
_c1997.
300 _a31ص. : مص.
490 0 _aلماذا؟
650 1 7 _aالتوقيت
650 1 7 _aالفصول
650 1 7 _aدوران الأرض
653 _aأطفال مرحلة متوسطة (6-9 سنوات)
700 1 _aسماحة، ناتالي
_eTran.
942 _2ddc
_cBK
999 _c51378
_d51378